Welcome to CU Library Online Public Access Catalogue (OPAC)

Choices : (Record no. 3479)

MARC details
000 -LEADER
fixed length control field 00722nam a2200229 a 4500
001 - CONTROL NUMBER
control field 3373476
005 - DATE AND TIME OF LATEST TRANSACTION
control field 20250206075843.0
008 - FIXED-LENGTH DATA ELEMENTS--GENERAL INFORMATION
fixed length control field 870521s1987 nyua br 001 0 eng
020 ## - INTERNATIONAL STANDARD BOOK NUMBER
International Standard Book Number 0380753081 (pbk.) :
Terms of availability $10.95 ($14.95 Can.)
050 00 - LIBRARY OF CONGRESS CALL NUMBER
Classification number RC270.8
Item number .M67 1987
082 00 - DEWEY DECIMAL CLASSIFICATION NUMBER
Classification number 616.99/4
Edition information 19
100 1# - MAIN ENTRY--PERSONAL NAME
Personal name Morra, Marion
245 10 - TITLE STATEMENT
Title Choices :
Remainder of title realistic alternatives in cancer treatment /
Statement of responsibility, etc. Marion Morra & Eve Potts.
250 ## - EDITION STATEMENT
Edition statement Rev. ed.
260 ## - PUBLICATION, DISTRIBUTION, ETC.
Place of publication, distribution, etc. New York, N.Y. :
Name of publisher, distributor, etc. Avon,
Date of publication, distribution, etc. c1987.
300 ## - PHYSICAL DESCRIPTION
Extent xv, 954 p. :
Other physical details ill. ;
Dimensions 21 cm.
500 ## - GENERAL NOTE
General note Includes index.
650 #0 - SUBJECT ADDED ENTRY--TOPICAL TERM
Topical term or geographic name entry element Cancer
General subdivision Miscellanea.
650 #0 - SUBJECT ADDED ENTRY--TOPICAL TERM
Topical term or geographic name entry element Cancer
General subdivision Hospitals
Geographic subdivision United States
General subdivision Directories.
700 1# - ADDED ENTRY--PERSONAL NAME
Personal name Potts, Eve.
942 ## - ADDED ENTRY ELEMENTS (KOHA)
Source of classification or shelving scheme Library of Congress Classification
Koha item type Books
Edition rev. ed.
Suppress in OPAC No
999 ## -
-- 3479
-- 3479
Holdings
Withdrawn status Lost status Source of classification or shelving scheme Damaged status Not for loan Collection Home library Current library Shelving location Date acquired Total checkouts Full call number Barcode Date last seen Copy number Price effective from Koha item type
    Library of Congress Classification     Non-fiction Science Library (Miotso) Science Library (Miotso) General stacks 02/06/2025   RC270.8 .M67 MOR SLM00002905 02/06/2025 1 02/06/2025 Books
© 2023-2024 Copyright: Central University Libraries. All Rights Reserved | Created by: Mahone Tech Office